000 00306nam a2200109Ia 4500
008 171211s9999 xx 000 0 und d
245 2 _aA Companion to Rainer Werner Fassbinder
245 _cBrigitte Peucker
260 _c2012
650 _xCINEMA
856 _uhttp://down.ebook777.com/065/9781405191630.pdf
999 _c349383
_d349383